000 005360000a22001690004500
003 MACL
005 20160609140207.0
008 160609b xxu||||| |||| 00| 0 eng d
040 _aMACL
_cMACL
041 _aHindi
082 _a891.433
100 _aप्रीतम, अमृता
_938570
245 _aउन की कहानी
_cअमृता प्रीतम
260 _bहिन्‍द पॉकेट बुक्‍स
_c1996
_aदिल्‍ली
650 _aNovel
_963464
942 _cHIN
_k891.433
_2ddc
999 _c29765
_d29765